Statistiques concernant Hunter X Hunter: les personnages de la Brigade Fantôme par image anime

Cliquez ici pour prendre le quiz!

Statistiques générales

  • Ce quiz a été pris 148 fois
    (139 depuis la dernière actualisation)
  • Le résultat moyen est 8 sur 17

Statistiques - réponses

Réponse% Correct
Feitan Portor
90%
Chrollo Lucilfer
88%
Hisoka Morow
84%
Nobunaga Hazama
62%
Franklin Bordeau
55%
Machi Komacine
54%
Uvogin
54%
Illumi Zoldyck
50%
Pakunoda
48%
Phinks Magcub
48%
Shizuku Murasaki
44%
Korutopi
31%
Kalluto Zoldyck
21%
Bonolenov Ndongo
9%
Shalnark
9%
Omokage
6%
Abengane
3%

Distribution des résultats

Percentile par nombre de réponses

% des personnes avec chaque résultat

Votre développement - résultats

Vous n’avez pas pris ce quiz depuis la dernière actualisation